comparison of lettuce varieties and spacing on crop station of royal university of agriculture,(ការប្រៀបធៀបចន្លោះគុម្ព និងពូជសាលាដនៅក្នុង ស្ថានីយ៍ដំណាំ នៃសាកលវិទ្យាល័យភូមិន្ទកសិកម្ម) (Record no. 979)

000 -LEADER
fixed length control field 00706nam a22001577a 4500
003 - CONTROL NUMBER IDENTIFIER
control field OSt
005 - DATE AND TIME OF LATEST TRANSACTION
control field 20150921151738.0
008 - FIXED-LENGTH DATA ELEMENTS--GENERAL INFORMATION
fixed length control field 150921b xxu||||| |||| 00| 0 eng d
040 ## - CATALOGING SOURCE
Transcribing agency RUA
082 ## - DEWEY DECIMAL CLASSIFICATION NUMBER
Classification number AGR NUO 2008 B035 Or.1
100 ## - MAIN ENTRY--PERSONAL NAME
9 (RLIN) 1020
Personal name NUON PHYROM
245 ## - TITLE STATEMENT
Title comparison of lettuce varieties and spacing on crop station of royal university of agriculture,(ការប្រៀបធៀបចន្លោះគុម្ព និងពូជសាលាដនៅក្នុង ស្ថានីយ៍ដំណាំ នៃសាកលវិទ្យាល័យភូមិន្ទកសិកម្ម)
260 ## - PUBLICATION, DISTRIBUTION, ETC. (IMPRINT)
Place of publication, distribution, etc. phnom penh
Name of publisher, distributor, etc. RUA
Date of publication, distribution, etc. 2008
300 ## - PHYSICAL DESCRIPTION
Extent x,42p.
Dimensions ill.
Size of unit 29cm.
942 ## - ADDED ENTRY ELEMENTS (KOHA)
Source of classification or shelving scheme
Koha item type AGR
Holdings
Price effective from Date last seen Permanent Location Not for loan Date acquired Source of classification or shelving scheme Koha item type Lost status Withdrawn status Date last checked out Total Checkouts Shelving location Damaged status Barcode Current Location Full call number
2015-09-212025-10-22Library Block B 2015-09-21 AGR  2025-10-033B035 RUA008428Library Block BAGR NUO 2008 B035 Or.1
មជ្ឈមណ្ឌលឯការនៃសាកលវិទ្យាល័យភូមិន្ទកសិកម្មចំការដូង

Powered by Koha